000 00232nam a22000857a 4500
008 160705b xxu||||| |||| 00| 0 eng d
100 _92147
_a Lal, M
245 _aRecent in Trends in Secondary Education
260 _aNew Delhi
_bArya
_c1986
999 _c1841
_d1841